[Event "Challenge"]
[Site "http://www.queenalice.com/game.php?id=1588692"]
[Date "2019.11.2"]
[Round "-"]
[White "Igel"]
[Black "fornery"]
[Result "1-0"]
[WhiteElo "1778"]
[BlackElo "1648"]

1. e4 Nf6 2. e5 Ne4 3. d3 Nxf2 4. Kxf2 d5 5. d4 f6 6. Nc3 e6 7. Bd3 Nc6 8. Qh5+
g6 9. Bxg6+ Kd7 10. Nf3 Nxd4 11. Nxd4 Bc5 12. Qg4 Bxd4+ 13. Qxd4 hxg6 14. exf6
c6 15. Ne4 b6 16. Bf4 Rf8 17. Qe5 Ke8 18. Rad1 b5 19. Rhe1 Qb6+ 20. Kg3 dxe4 21.
Qg5 Kf7 22. Qh6 Qb7 23. Qg7+ Ke8 24. Rd8+ 1-0

[Event "Challenge"]
[Site "http://www.queenalice.com/game.php?id=1595105"]
[Date "2020.1.3"]
[Round "-"]
[White "Excsiu"]
[Black "Igel"]
[Result "0-1"]
[WhiteElo "1757"]
[BlackElo "1898"]

1. d4 Nf6 2. Nc3 d5 3. Bg5 c6 4. Bxf6 exf6 5. e4 dxe4 6. Nxe4 Qb6 7. Nf3 Qxb2 8.
Bc4 Bb4+ 9. Ned2 Bxd2+ 10. Nxd2 Qxd4 11. O-O O-O 12. Rb1 b6 13. Rb4 Be6 14. Qe2
b5 15. Nf3 Qc5 16. Rfb1 Bxc4 17. Qe1 Bxa2 18. R1b2 Bd5 19. Nd2 a5 20. Ne4 Qe7
21. Rd4 f5 22. Rd3 Qxe4 23. Qxe4 fxe4 24. Re3 f5 25. f3 f4 26. Re1 e3 27. c3 a4
28. Rbb1 Na6 0-1

[Event "Challenge"]
[Site "http://www.queenalice.com/game.php?id=1597692"]
[Date "2020.1.29"]
[Round "-"]
[White "fornery"]
[Black "Igel"]
[Result "0-1"]
[WhiteElo "1664"]
[BlackElo "1835"]

1. e4 c5 2. Nc3 Nc6 3. Qh5 e6 4. e5 d6 5. Bb5 Bd7 6. d3 Nxe5 7. Bg5 Be7 8. f4
Bxb5 9. Bxe7 Nxd3+ 10. cxd3 Nxe7 11. Nxb5 Qb6 12. a4 a6 13. Nxd6+ Qxd6 14. Nh3
Qxd3 15. Rd1 Qe4+ 16. Kd2 O-O 17. Ng5 Qxf4+ 18. Kc2 h6 19. b3 hxg5 20. Rhf1 Qe4+
21. Kb2 Qxg2+ 22. Ka3 b5 23. a5 b4+ 24. Ka4 Qa2# 0-1

[Event "Challenge"]
[Site "http://www.queenalice.com/game.php?id=1597693"]
[Date "2020.1.29"]
[Round "-"]
[White "Igel"]
[Black "fornery"]
[Result "1-0"]
[WhiteElo "1818"]
[BlackElo "1664"]

1. e4 Nf6 2. e5 Ng4 3. Qxg4 d6 4. Qe4 dxe5 5. Nf3 Nc6 6. Bb5 a6 7. Bxc6+ bxc6 8.
Nc3 Bd7 9. Nxe5 h5 10. d4 g6 11. Nxg6 f5 12. Qf3 Rg8 13. Qxh5 Be6 14. Ne5+ Bf7
15. Qxf7# 1-0

[Event "Challenge"]
[Site "http://www.queenalice.com/game.php?id=1607729"]
[Date "2020.4.15"]
[Round "-"]
[White "MADMIKE"]
[Black "Igel"]
[Result "0-1"]
[WhiteElo "1845"]
[BlackElo "1851"]

1. d4 Nf6 2. d5 c5 3. Nc3 d6 4. e4 e5 5. h3 Be7 6. Nf3 O-O 7. Be2 Ne8 8. O-O f5
9. exf5 Bxf5 10. a3 Nd7 11. Be3 Qc8 12. Bb5 Nc7 13. Bxd7 Qxd7 14. Qe2 Qe8 15.
Ng5 Qg6 16. f4 exf4 17. Bxf4 Bxg5 18. Bxg5 Qxg5 19. Ne4 Qe7 20. Rae1 Rae8 21. c4
Qxe4 0-1

[Event "Challenge"]
[Site "http://www.queenalice.com/game.php?id=1607730"]
[Date "2020.4.15"]
[Round "-"]
[White "Igel"]
[Black "MADMIKE"]
[Result "1-0"]
[WhiteElo "1875"]
[BlackElo "1859"]

1. e4 e5 2. f4 d6 3. Nf3 exf4 4. Bc4 h6 5. d4 Be7 6. Bxf4 Nf6 7. Nc3 O-O 8. O-O
a6 9. Qd2 Nc6 10. a3 Nh7 11. d5 Na7 12. e5 dxe5 13. Nxe5 Kh8 14. d6 cxd6 15.
Nxf7+ Rxf7 16. Bxf7 Nf6 17. Rae1 d5 18. Bxh6 gxh6 19. Qxh6+ Nh7 20. Bg6 Qg8 21.
Rxe7 1-0

[Event "Ofudia"]
[Site "http://www.queenalice.com/game.php?id=1625312"]
[Date "2020.8.29"]
[Round "-"]
[White "Igel"]
[Black "Copelipon"]
[Result "1-0"]
[WhiteElo "1912"]
[BlackElo "1988"]

1. e4 c6 2. d4 d5 3. exd5 cxd5 4. c4 Nf6 5. Nc3 e6 6. Nf3 Be7 7. cxd5 Nxd5 8.
Bc4 Nc6 9. O-O O-O 10. a3 a6 11. Qe2 Nf6 12. Be3 b5 13. Bd3 Bb7 14. Rfd1 Qc7 15.
Rac1 Rad8 16. Ne4 Nxe4 17. Bxe4 Qd7 18. Bxc6 Bxc6 19. Ne5 Qd5 20. Nxc6 Rd7 21.
Nxe7+ Rxe7 22. Rc5 Qe4 23. Rdc1 f5 24. Re5 Qh4 25. d5 Qf6 26. Bc5 Rc7 27. Rxe6
Qg5 28. Rc3 f4 29. Re8 Rc8 30. Qe6+ Kh8 31. Qxc8 1-0

[Event "Challenge"]
[Site "http://www.queenalice.com/game.php?id=1634798"]
[Date "2020.11.30"]
[Round "-"]
[White "Igel"]
[Black "leoreis"]
[Result "1-0"]
[WhiteElo "1937"]
[BlackElo "1926"]

1. e4 e5 2. f4 exf4 3. Nf3 d6 4. Bc4 Be6 5. Bxe6 fxe6 6. d4 Nf6 7. Nc3 Nc6 8.
Bxf4 h6 9. O-O Be7 10. d5 exd5 11. exd5 Nb4 12. Nd4 Qd7 13. Ne6 Rg8 14. a3 Na6
15. Qd3 Kf7 16. Rae1 Rae8 17. Bxh6 1-0

[Event "Challenge"]
[Site "http://www.queenalice.com/game.php?id=1636576"]
[Date "2020.12.16"]
[Round "-"]
[White "Experimentator"]
[Black "Igel"]
[Result "1-0"]
[WhiteElo "2230"]
[BlackElo "1976"]

1. h4 e5 2. a4 d5 3. h5 Nc6 4. a5 a6 5. e3 Nf6 6. c3 h6 7. Be2 Be7 8. d3 O-O 9.
Nd2 Re8 10. Nf1 d4 11. Ng3 dxe3 12. Bxe3 Nd5 13. Nf3 Nf4 14. Bxf4 exf4 15. Ne4
Bg4 16. Qb3 Rb8 17. Kf1 Bf8 18. Qc2 Qd5 19. Rh4 Ne5 20. Nxe5 Bxe2+ 21. Qxe2 Rxe5
22. Qf3 Qb5 23. Rxf4 f5 24. Nd2 Qxb2 25. Rd1 Qc2 26. Nc4 Rb5 27. g3 Qxc3 28.
Rxf5 Qd4 29. Ne3 c6 30. Rf4 Qd7 31. Rf5 Qc7 32. d4 Qxa5 33. d5 Qc7 34. Rd4 Rd8
35. Rdf4 1-0

[Event "Pentesilea"]
[Site "http://www.queenalice.com/game.php?id=1645769"]
[Date "2021.3.6"]
[Round "-"]
[White "Igel"]
[Black "Copelipon"]
[Result "1-0"]
[WhiteElo "1985"]
[BlackElo "1971"]

1. e4 e5 2. f4 exf4 3. Nf3 Be7 4. Bc4 Bh4+ 5. Kf1 Nh6 6. d4 d6 7. Nc3 Ng4 8. Qe2
O-O 9. Bxf4 Nc6 10. h3 Qf6 11. Nd5 Qd8 12. hxg4 Bf6 13. e5 dxe5 14. dxe5 Be7 15.
Qe4 g6 16. Ng5 Bxg5 17. Bxg5 1-0

[Event "Challenge"]
[Site "http://www.queenalice.com/game.php?id=1647020"]
[Date "2021.3.18"]
[Round "-"]
[White "DanielAlvesGarciaSantosSilva"]
[Black "Igel"]
[Result "0-1"]
[WhiteElo "1947"]
[BlackElo "1969"]

1. e4 c5 2. Bc4 e6 3. d3 a6 4. Nf3 b5 5. Bb3 Bb7 6. Ne5 Qc7 7. Qg4 Qxe5 8. Nd2
Nf6 9. Qe2 Nc6 10. Nf3 Qh5 11. h3 Ne5 12. g4 Nexg4 13. Bd2 c4 14. dxc4 Nxf2 15.
Kxf2 Nxe4+ 16. Kg1 Bc5+ 17. Kg2 Nxd2 0-1

[Event "Brígida"]
[Site "http://www.queenalice.com/game.php?id=1759724"]
[Date "2021.5.17"]
[Round "-"]
[White "Copelipon"]
[Black "Igel"]
[Result "0-1"]
[WhiteElo "2010"]
[BlackElo "2002"]

1. e4 c5 2. Nf3 e6 3. d4 cxd4 4. Nxd4 a6 5. c4 Nf6 6. Nc3 Bb4 7. Bd3 Nc6 8. Ne2
Bc5 9. a3 Ng4 10. O-O Qh4 11. h3 Nxf2 12. Rxf2 Qxf2+ 13. Kh1 Bd6 14. Bc2 Be5 15.
Bd2 O-O 16. Ng1 Nd4 17. Nf3 Nxf3 18. Qxf3 Qxd2 19. Qd3 Qf4 20. g3 Qxg3 21. Qxg3
Bxg3 22. Ne2 Be5 23. Rb1 d5 24. cxd5 exd5 25. exd5 Bxh3 26. b4 Bg4 27. Re1 Bf3+
28. Kg1 Bxd5 29. Kf2 Rad8 30. Rg1 Bc4 31. Rh1 f5 32. Rh4 b5 33. a4 Rd2 0-1

[Event "Blues"]
[Site "http://www.queenalice.com/game.php?id=1764847"]
[Date "2021.7.20"]
[Round "-"]
[White "Igel"]
[Black "bobifixer"]
[Result "1-0"]
[WhiteElo "2053"]
[BlackElo "1992"]

1. e4 c5 2. d4 cxd4 3. c3 dxc3 4. Nxc3 Nc6 5. Nf3 d6 6. Bc4 e6 7. O-O Be7 8. Qe2
Nf6 9. Rd1 Bd7 10. Bf4 e5 11. Bg5 O-O 12. Bxf6 gxf6 13. Qd2 Kh8 14. Nd5 Be6 15.
Bb5 a6 16. Ba4 b5 17. Rac1 Na5 18. Nxe7 bxa4 19. Nd5 Nb7 20. Qh6 Bxd5 21. Rxd5
Qe7 22. Nh4 Rg8 23. Nf5 Qe6 24. Rc7 Rg6 25. Qd2 Nc5 26. f3 Rag8 27. g3 h5 28.
Re7 Qc8 29. Nxd6 Qb8 30. Nxf7+ Kg7 31. Ng5+ Kf8 32. Rf7+ Ke8 33. Rdd7 Nd3 34.
Rde7+ Kd8 35. Qxd3+ Kc8 36. Qd7# 1-0

[Event "Tatiana"]
[Site "http://www.queenalice.com/game.php?id=1765452"]
[Date "2021.7.27"]
[Round "-"]
[White "Igel"]
[Black "Copelipon"]
[Result "1-0"]
[WhiteElo "2038"]
[BlackElo "2019"]

1. e4 e5 2. f4 exf4 3. Nf3 Be7 4. Bc4 Nf6 5. d3 O-O 6. O-O Nc6 7. c3 Nh5 8. d4
g6 9. Nbd2 d6 10. Qe2 Na5 11. Bd3 c6 12. b4 g5 13. Nxg5 Bxg5 14. Qxh5 f5 15.
bxa5 Qxa5 16. Qxg5+ Kh8 17. Bb2 d5 18. Qxf4 Be6 19. Qe5+ Kg8 20. Qxe6+ Rf7 21.
Rxf5 Qc7 22. Raf1 Rf8 23. Rg5+ Kh8 24. Rxf7 Qxf7 25. exd5 Qf2+ 26. Kh1 Rf6 27.
Qg8# 1-0

[Event "Challenge"]
[Site "http://www.queenalice.com/game.php?id=1775773"]
[Date "2021.11.28"]
[Round "-"]
[White "JORAM2205"]
[Black "Igel"]
[Result "0-1"]
[WhiteElo "2157"]
[BlackElo "2096"]

1. e4 c5 2. Nc3 Nc6 3. Nf3 e5 4. Bc4 Be7 5. d3 Nf6 6. O-O d6 7. Ng5 O-O 8. Bd2
Nd4 9. h3 h6 10. Nf3 Be6 11. Bxe6 fxe6 12. Na4 b5 13. Nc3 Qb6 14. a4 b4 15. Na2
a5 16. b3 Qb8 17. Nxd4 cxd4 18. Qf3 Qc7 19. Rac1 d5 20. Qg3 Kh7 21. exd5 exd5
22. Kh1 Bd6 23. Qh4 Ra6 24. g4 Ng8 25. Rfe1 Qf7 26. Kg1 Ne7 27. Re2 Ng6 28. Qg3
e4 29. Qg2 Nh4 30. Qh1 Nf3+ 31. Kf1 Nxd2+ 32. Rxd2 Bf4 33. Rcd1 Bxd2 34. Rxd2 e3
35. Re2 Rf6 36. Qh2 Rxf2+ 37. Rxf2 Qxf2+ 38. Qxf2 Rxf2+ 39. Ke1 Rxc2 40. Nxb4
axb4 0-1

[Event "Challenge"]
[Site "http://www.queenalice.com/game.php?id=1780664"]
[Date "2022.1.17"]
[Round "-"]
[White "Igel"]
[Black "christian_labat"]
[Result "1-0"]
[WhiteElo "2111"]
[BlackElo "2114"]

1. e4 e5 2. f4 exf4 3. Nf3 g5 4. h4 g4 5. Ne5 Nf6 6. Bc4 d5 7. exd5 Bd6 8. d4
Qe7 9. O-O f3 10. Re1 O-O 11. gxf3 Bxe5 12. Rxe5 Qb4 13. Bh6 Qxc4 14. Rg5+ Kh8
15. Bg7+ Kg8 16. Bxf6# 1-0

[Event "Challenge"]
[Site "http://www.queenalice.com/game.php?id=1809048"]
[Date "2023.3.31"]
[Round "-"]
[White "christian_labat"]
[Black "Igel"]
[Result "0-1"]
[WhiteElo "2113"]
[BlackElo "2123"]

1. b4 e5 2. Bb2 Bxb4 3. f4 Nc6 4. e4 d6 5. Nf3 Nf6 6. Bc4 O-O 7. O-O Bc5+ 8. d4
Nxd4 9. Bxd4 exd4 10. e5 Ng4 11. Bd3 Ne3 12. Qe2 Nxf1 13. Qxf1 f6 14. Nbd2 fxe5
15. fxe5 dxe5 16. Ne4 Qe7 17. Nxc5 Qxc5 18. Qe2 Bf5 19. Qxe5 Qxe5 20. Nxe5 Bxd3
21. Nxd3 Rae8 22. h3 Re2 23. Rc1 c5 24. Nxc5 Rff2 25. Rd1 Rxg2+ 26. Kf1 Ref2+
27. Ke1 Rxc2 28. Kf1 Rcf2+ 29. Ke1 Rh2 30. Rxd4 Rxa2 31. Rd8+ Kf7 32. Rd7+ Ke8
33. Rd2 Raxd2 34. Nb3 Rb2 35. Nd2 Rhxd2 36. h4 Rh2 37. Kf1 Rh1# 0-1

[Event "Challenge"]
[Site "http://www.queenalice.com/game.php?id=1853168"]
[Date "2025.3.3"]
[Round "-"]
[White "JJerzy"]
[Black "Igel"]
[Result "0-1"]
[WhiteElo "2240"]
[BlackElo "2126"]

1. d4 Nf6 2. Nf3 c5 3. e3 e6 4. c4 d5 5. cxd5 cxd4 6. dxe6 Bxe6 7. Qxd4 Nc6 8.
Qxd8+ Rxd8 9. a3 Bc5 10. Nbd2 O-O 11. Bc4 Bxc4 12. Nxc4 b5 13. Nce5 Ne7 14. O-O
Rfe8 15. Ne1 Rd1 16. N5d3 Bb6 17. b4 Rd8 18. Nb2 R1d5 19. a4 Nc6 20. axb5 Rxb5
21. Nc2 Nxb4 22. Nxb4 Rxb4 23. Na4 Bc7 24. Nc3 Be5 25. Ra3 Rd3 26. Ne2 Rxa3 27.
Bxa3 Ra4 28. Bc5 h6 29. Bd4 Bxd4 30. Nxd4 Ne4 31. g3 Ra2 32. f3 Ng5 33. h4 Nh3+
34. Kh1 a5 35. Re1 a4 36. Re2 Rxe2 37. Nxe2 Nf2+ 38. Kg2 a3 39. Nc1 Nd3 40. Nb3
f5 41. Kf1 a2 42. Na1 Kf7 43. f4 Nc5 44. Ke2 Ne4 45. Kf3 h5 0-1

[Event "Challenge"]
[Site "http://www.queenalice.com/game.php?id=1853169"]
[Date "2025.3.3"]
[Round "-"]
[White "Igel"]
[Black "JJerzy"]
[Result "0-1"]
[WhiteElo "2135"]
[BlackElo "2231"]

1. e4 c5 2. d4 cxd4 3. c3 dxc3 4. Nxc3 a6 5. Bc4 e6 6. Nf3 d6 7. Qe2 Nc6 8. O-O
Qc7 9. Be3 Nf6 10. Rac1 Be7 11. Bb3 O-O 12. Nd5 exd5 13. exd5 Bd7 14. dxc6 Bxc6
15. Nd4 Qd7 16. Rfe1 Rfc8 17. Bf4 Bf8 18. Ne6 Bd5 19. Nxf8 Kxf8 20. Bc2 Re8 21.
Qd2 Rxe1+ 22. Rxe1 Qc6 23. Bxh7 Nxh7 24. Rc1 Qb5 25. Bxd6+ Kg8 26. Rc5 Qb6 27.
Rxd5 Nf6 28. Rd4 Re8 29. Ba3 Qxd4 0-1